| 000 | 00754nam a2200241Ia 4500 | ||
|---|---|---|---|
| 001 | 9964 | ||
| 003 | GE_BSU | ||
| 008 | 181216s||||||||xx |||||||||||||| ||und|| | ||
| 040 | _cGE_BSU | ||
| 080 | _a821.353.1–1 | ||
| 100 | _aგაბაიძე,გიორგი | ||
| 245 | _aმკვდარი პოეტის მთვარე | ||
| 245 | _bლექსები | ||
| 245 | _cრედ.გულნაზ სამნიძე | ||
| 260 | _aბათუმი | ||
| 260 | _bაჭარა | ||
| 260 | _c2006 | ||
| 300 | _a64გვ.ფოტო გარეკანზე.14სმ. | ||
| 541 | _h2ლ. | ||
| 653 | _aლექსები | ||
| 653 | _aმკვდარი პოეტის მთვარე | ||
| 942 | _cBK | ||
| 999 |
_c43237 _d43237 |
||